The 2nd most populous cities/districts of counties/cities in Taiwan - Statistics

General Stats
  • This quiz has been taken 13 times
  • The average score is 21 of 22
Answer Stats
Hint Answer % Correct
Lienjiang County(Mazu) Beigan Township(鄉)
100%
Taitung County Beinan Township(鄉)
100%
Nantou County Caotun Township(鎮)
100%
Chiayi City East District
100%
Yunlin County Huwei Township(鎮)
100%
Hualien County Ji'an Township(鄉)
100%
Kinmen County Jinning Township(鄉)
100%
Yilan County Luodong Township(鎮)
100%
Miaoli County Miaoli City
100%
Kaohsiung City Sanmin District
100%
Taichung City Xitun District
100%
Changhua County Yuanlin City
100%
Taoyuan City Zhongli Discrict
100%
Hsinchu County Zhudong Township(鎮)
100%
Tainan City Annan District
92%
Penghu County Huxi Township(鄉)
92%
Taipei City Neihu District
92%
Hsinchu City North District
92%
Keelung City Qidu District
92%
Chiayi County Shuishang Township(鄉)
92%
New Taipei City Xinzhuang District
92%
Pingtung County Neipu Township(鄉)
75%
No matching quizzes found
Score Distribution
Percent of People with Each Score
Percentile by Number Answered
Your Score History
You have not taken this quiz